000 00927nam a2200301 i 4500
003 EG-GICUC
005 20260426122618.0
008 260426s1929 gw |||frb||| 00| 0 ger d
040 _aEG-GiCUC
_bger
_cEG-GiCUC
_dEG-GiCUC
_erda
082 0 4 _221
_a343.3
_bHE . G
092 0 4 _221
099 _aLaw1 10 343.3 HE . G 1929
100 1 _aHeck, Philipp
_eAuthor.
245 1 0 _aGrundriss des Schuldrechts /
_cvon Philipp Heck.
264 1 _aTübingen :
_b J.C.B. Mohr (P. Siebeck),
_c1929.
300 _axvi, 492 pages ;
_c24 cm
336 _2rda content
_atext
337 _2rda media
_aComputer
338 _2rda carrier
_aOnline Resource
500 _aIncludes index.
504 _aBibliography: p. xv-xvi.
546 _a Text in German
650 1 4 _aDroit de procédure pénale
_2qrmak
651 1 _2qrmak
856 4 0 _uhttps://fll.law.cu.edu.eg/fulltext/bks/B10-11452.pdf
905 _a161
942 _2ddc
_cBK
_e21
_n0
999 _c73468
_d73468